La responsabilidad social de las empresas : (Record no. 180989)

MARC details
000 -LEADER
campo de control de longitud fija 02046nam a2200289 i 4500
001 - NÚMERO DE CONTROL
campo de control 180989
003 - IDENTIFICADOR DE NÚMERO DE CONTROL
campo de control ES-MaACL
005 - FECHA Y HORA DE LA ÚLTIMA TRANSACCIÓN
campo de control 20250730063153.0
008 - DATOS DE LONGITUD FIJA--INFORMACIÓN GENERAL
campo de control de longitud fija 120928s2010 sp |||| | spa d
040 ## - FUENTE DE CATALOGACIÓN
Centro/agencia transcriptor ES-MaACL
080 ## - NÚMERO DE LA CLASIFICACIÓN DECIMAL UNIVERSAL
Número de la Clasificación Decimal Universal 658.011.14
100 1# - ENTRADA PRINCIPAL--NOMBRE DE PERSONA
Nombre de persona Vives, Antonio
Títulos y otros términos asociados al nombre (economista)
Término indicativo de función/relación Autor
9 (RLIN) 151461
245 13 - MENCIÓN DEL TÍTULO
Título La responsabilidad social de las empresas :
Resto del título enfoques ante la crisis : reflexiones con motivo de la III Conferencia España-Iberoamérica sobre la Responsabilidad Social de las Empresas /
Mención de responsabilidad, etc. Antonio Vives
250 ## - MENCION DE EDICION
Mención de edición 1ª ed.
260 ## - PUBLICACIÓN, DISTRIBUCIÓN, ETC.
Lugar de publicación, distribución, etc. Madrid :
Nombre del editor, distribuidor, etc. Fundación Carolina,
Fecha de publicación, distribución, etc. 2010
300 ## - DESCRIPCIÓN FÍSICA
Extensión 61 páginas ;
Dimensiones 21 cm
520 ## - RESUMEN, ETC.
Sumario, etc. Los días 20 y 21 de octubre de 2010 se celebró en la ciudad de México la III Conferencia Internacional de Responsabilidad Social de las Empresas (RSE), organizada por las fundaciones Carolina de España y México con el apoyo de la Fundación Euroamérica. En la conferencia se abordaron las últimas tendencias en RSE en Iberoamérica con especial énfasis en el papel de la RSE en la crisis "de responsabilidad" que originó la crisis económica y financiera, la importancia de las políticas públicas que promueven el avance en la materia, el papel de los medios de comunicación y su particular responsabilidad, así como algunas perspectivas de futuro. Antonio Vives. director de la Conferencia, recoge en esta publicación las reflexiones que surgieron en las distintas intervenciones y ponencias
530 ## - NOTA DISPONIBLE DE FORMULARIO FÍSICO ADICIONAL
Nota de formato físico adicional disponible Disponible en formato digital
650 #7 - PUNTO DE ACCESO ADICIONAL DE MATERIA--TÉRMINO DE MATERIA
Término de materia o nombre geográfico como elemento de entrada Responsabilidad social de la empresa
Fuente del encabezamiento o término embne
9 (RLIN) 16871
710 2# - ENTRADA AGREGADA--NOMBRE DE ENTIDAD CORPORATIVA
Nombre de entidad corporativa o nombre de jurisdicción como elemento de entrada Fundación Carolina
Término indicativo de función/relación Editor
9 (RLIN) 147407
852 ## - LOCALIZACIÓN
Ubicación ES-MaACL
Sublocalización o colección R.147108
Ubicación en estantería Depósito 1
Signatura antigua Olim: N-5217
Donativo/Legado Donación Real Academia Española
Número de control de estantería A-12212
itemnumber 187870
856 4# - LOCALIZACIÓN Y ACCESO ELECTRÓNICOS
Identificador Uniforme de Recursos <a href="https://www.fundacioncarolina.es/la-responsabilidad-social-de-las-empresas-enfoques-ante-la-crisis/">https://www.fundacioncarolina.es/la-responsabilidad-social-de-las-empresas-enfoques-ante-la-crisis/</a>
Texto de enlace Versión en línea
Nota pública (Fundación Carolina)
914 ## - NOMBRE ENTIDAD DE DONANTE
RLIN 6336
Nombre de congreso/reunión o jurisdicción como elemento de entrada Real Academia Española
Unidad subordinada Donante
942 ## - ELEMENTOS DE ENTRADA SECUNDARIOS (KOHA)
Tipo de ítem Koha Libro impreso
Suprimir en OPAC No
Holdings
Estatus retirado Estado de pérdida Fuente del sistema de clasificación o colocación Estado de daño No para préstamo Colección Biblioteca de origen Biblioteca actual Ubicación en estantería Fecha de adquisición Fuente de adquisición Total de préstamos Signatura topográfica completa Código de barras Visto por última vez Tipo de ítem Koha
    Clasificación decimal universal     Colección digital Biblioteca del Ateneo de Madrid Biblioteca del Ateneo de Madrid Depósito 1 28/09/2012 Donación   A-12212 1190195 23/02/2023 Libro impreso